Anais do III Encontro da RENAPEDTS Rede Nacional de Grupos de Pesquisa e Extensô em Direito do Trabalho e da Seguridade Social /

Bibliographic Details
Main Author: Souto Maior, Jorge Luiz
Format: eBook
Language:Portuguese
Published: Belo Horizonte: Initia Via Editora, 2019
Subjects:
Online Access:Acceso restringido

MARC

LEADER 00000nam a22000007a 4500
005 20201230102029.0
007 cr|||| |||
008 201230s2019 br |||||s|||| 00||0 por d
020 |a 978-85-9547-074-3 
035 |a 32540 
040 |a vLex 
090 |c 11027  |d 11027 
100 1 |a Souto Maior, Jorge Luiz 
245 1 0 |a Anais do III Encontro da RENAPEDTS  |h [Recurso electrn̤ico] :  |b Rede Nacional de Grupos de Pesquisa e Extensô em Direito do Trabalho e da Seguridade Social /  |c Jorge Luiz Souto Maior 
256 |a Servicio en ln̕ea 
260 |a Belo Horizonte:  |b Initia Via Editora,  |c 2019 
300 |a 1 recurso electrn̤ico 
500 |a Os artigos que compe̳m estes anais apresentam, portanto, ̉comunidade acadm̊ica e ̉sociedade civil brasileiras nô s ̤o teor das atividades de pesquisa e extensô desenvolvidas em importantes instituiė̳s de ensino superior brasileiras, como resultam dos encontros e dil̀ogos estabelecidos entre pesquisadoras, pesquisadores e extensionistas nos grupos de trabalho temt̀icos, nas palestras e nos intervalos entre palestras e atividades do III Encontro da RENAPEDTS. Desse modo, os artigos que compe̳m estes anais nascem da cooperaȯ̂ acadm̊ica interinstitucional e da construȯ̂ coletiva de uma rede de pesquisa e extensô em Direito do Trabalho e Seguridade Social. Sua leitura se revela fundamental para uma compreensô crt̕ica das reformas polt̕icas, econm̥icas, sociais e jurd̕icas do mundo do trabalho e dos sistemas de seguridade social pautadas por uma lg̤ica neoliberal propostas no Brasil e em outros pas̕es do mundo no decorrer dos l︢timos anos, que atentam, aqui e alhures, contra direitos sociais duramente conquistados por trabalhadoras e trabalhadores. 
506 1 |a Disponible solo en los productos indicados  |d vLex Global  |d vLex Global (Academic Edition, excluding Law Schools)  |d vLex Global (U.S. Academic Edition, Law Schools)  |d vLex Global (U.S. Academic Edition, excluding Law Schools)  |d vLex Global (Academic Edition, Law Schools) 
650 0 4 |a Derecho Laboral y Seguridad Social  |z Brasil 
650 0 4 |a Seguridad Social  |z Brasil 
740 0 |a vLex Libros (Servicio en ln̕ea) 
856 4 0 |u http://vlex.com/source/anais-do-iii-encontro-da-renapedts-rede-nacional-de-grupos-de-pesquisa-e-extens-o-em-direito-do-trabalho-e-da-seguridade-social-32540  |z Acceso restringido 
942 |c BOOK 
999 0 |a Labor Law and Social Security 
999 0 |a Social Security